书目信息 |
| 题名: |
临床微生物学和微生物检验实验指导
|
|
| 作者: | 洪秀华 主编 | |
| 分册: | ||
| 出版信息: | 北京 人民卫生出版社 1999.07 |
|
| 页数: | 193页 | |
| 开本: | 26cm | |
| 丛书名: | ||
| 单 册: | ||
| 中图分类: | R446.5-33 | |
| 科图分类: | ||
| 主题词: | 诊断学 | |
| 电子资源: | ||
| ISBN: | 7-117-05631-2 | |
| 000 | 00605nam0 2200193 450 | |
| 001 | 0561263109 | |
| 005 | 20051227170250.17 | |
| 010 | @a7-117-05631-2 | |
| 100 | @a20051227d1999 km y0chiy0120 ea | |
| 101 | 0 | @achi |
| 102 | @aCN@b110000 | |
| 200 | 1 | @a临床微生物学和微生物检验实验指导@Alin chuang wei sheng wu xue he wei sheng wu jian yan shi yan zhi dao@f洪秀华主编@Fhong xiu hua zhu bian |
| 210 | @a北京@c人民卫生出版社@d1999.07 | |
| 215 | @a193页@d26cm | |
| 606 | 0 | @a诊断学 |
| 690 | @aR446.5-33@v3 | |
| 701 | 0 | @a洪秀华@Ahong xiu hua@4主编 |
| 801 | 0 | @aCN@bPFT@c20051227 |
| 905 | @a10447@dR446.5-33@eH412 | |
| 临床微生物学和微生物检验实验指导/洪秀华主编.-北京:人民卫生出版社,1999.07 |
| 193页;26cm |
| ISBN 7-117-05631-2: |
| ● |
| 相关链接 |
|
|
|
正题名:临床微生物学和微生物检验实验指导
索取号:R446.5-33/H412
 
预约/预借
| 序号 | 登录号 | 条形码 | 馆藏地/架位号 | 状态 | 备注 |
| 1 | 442325 | 204423258 | 自科库401/401自科库 17排1列1层/ [索取号:R446.5-33/H412] | 在馆 |